000 00800nam a2200217 i 4500
001 128407
003 ES-MaACL
005 20251015164737.0
007 t|
008 070510s1972 sp ||||1| spa d
080 _a74 Miró, Juan(084)
080 _a76 Miró, Juan(084)
100 1 _aMiró, Joan.
_981604
245 1 0 _aMirografías /
_cDibujos, grabados sobre cobre, litografías, grabados sobre madera, libros, carteles de Joan Miró ; Introducción notas y comentarios por Ivon Taillandier ; [Traducción de Juan-Eduardo Cirlot.
260 _aBarcelona :
_bGustavo Gili,
_c[1972]
300 _a198 p. :
_bil. ;
_c36 cm.
700 1 _aTaillandier, Yvon.
_9145663
700 1 _aCirlot, Juan-Eduardo,
_d1916-1973
_938898
852 _aES-MaACL
_jC-47199
_bR.84741
999 _c128407
_d128407